| 000 | 00536nam a2200193 a 4500 | ||
|---|---|---|---|
| 005 | 20210219153200.0 | ||
| 008 | 991125n 000 0 u | ||
| 035 | _aUPN01000082610 | ||
| 100 | _aLESCAILLE LESCAILLE, Jorge | ||
| 222 | _aPEDAGOGIA CUBANA | ||
| 245 | _aInfluencia del juego de rol en el pensamiento de niños preescolares | ||
| 300 | _a51-58 | ||
| 362 | _a1989 Año 1, no. 3-4, oct.-dic. | ||
| 653 | 0 | _aEDUCACION PREESCOLAR | |
| 653 | 0 | _aINFANCIA | |
| 653 | 0 | _aNIÑOS | |
| 904 |
_aAC _b020421 |
||
| 905 | _aArticulo | ||
| 999 |
_c70414 _d70414 |
||